[Event "Civil Service Minor op"]
[Site "London"]
[Date "2005.11.06"]
[Round "5"]
[White "McQuillan, Neil"]
[Black "Brady, Vince"]
[Result "1-0"]
[WhiteElo "1360"]
[BlackElo "1064"]
[PlyCount "57"]
[EventDate "2005.11.05"]
[EventType "swiss"]
[EventRounds "5"]
[EventCountry "ENG"]
[SourceTitle "EXT 2007"]
[Source "ChessBase"]
[SourceDate "2006.11.23"]
[SourceVersion "1"]
[SourceVersionDate "2006.11.23"]
[SourceQuality "1"]

1. e4 e6 2. Nf3 b6 3. Nc3 Bb4 4. a3 Bxc3 5. bxc3 Bb7 6. d3 d6 7. g3 Nc6 8. Bg2 Qe7 9. 0-0 0-0-0 10. Re1 e5 11. d4 h6 12. Bb2 Ba6 13. Re3 Na5 14. Bf1 Bc4 15. Nd2 Bxf1 16. Qxf1 Nf6 17. Nb3 Nb7 18. a4 d5 19. a5 Nxa5 20. Nxa5 Kd7 21. Qb5+ Ke6 22. Nc6 Qd7 23. Nxd8+ Rxd8 24. Qxd7+ Rxd7 25. exd5+ Nxd5 26. Rxe5+ Kf6 27. Rxa7 Re7 28. Rxe7 Nxe7 29. Rxc7 1-0